000
00290nam a2200133Ia 4500
100
_a
Stanford/Melvin J
942
_c
BK
654
_a
management
245
_a
Management policy
260
_b
prentice hall
_a
New Delhi
_c
1986
082
_a
658.401
_b
STA
300
_a
632
546
_a
ENGLISH
999
_c
31459
_d
31459